000 00448nam a2200181Ia 4500
003 OSt
005 20230601112634.0
008 210423s1981 xx 000 0 und d
040 _cAL
041 _aeng
082 _a304.6
_223
_bDASC
245 _aCenus of india 1981 karnataka.
260 _aKarnataka
_bGovernment Of Karnataka
_c1981
300 _a34
_bPB
365 _cINR
906 _a1981 ; Cenus ; india ; karnataka.
942 _2ddc
_cBK
999 _c174669
_d174669